000 00348nam a22001097a 4500
082 _a891.433/SHA
100 _aशाक्य ,किशोर कुमार
_983812
245 _aउपेक्षिता ( उपन्यास )
260 _aभोपाल
_bआइसेक्ट
_c2025
650 _aउपन्यास
942 _cHIN
999 _c68799
_d68799